MDQL
is popping MORE tags! Check the
thread
!
Quizzes
Events
Quiz Creation
Community
Videos
Private Events
Remove Ads
Sign In
Join for FREE
Feedback
Dark Mode
Quiz Categories
Sports
Geography
Music
Movies
Television
Just For Fun
Miscellaneous
History
Literature
Language
Science
Gaming
Entertainment
Religion
Holiday
For Kids
Quiz Lab
Recent
Popular Today
Quiz Kudos Today
Editor Picks
Curator Picks
Quizzes by...
Day
Popularity
Type
Ratings
Length
Year
Community
Subscriptions
Recent Discussions
Orange Saloon
Badges
Playlists
Quests
Create
Leaderboards
Showdown
Live 5
Trivia Bingo
Activity
Puzzle Library
Sporcle Events
Private Events
Virtual Trivia
Globe League
Become a Host
Pub Owners
SporcleCon
Opinionation
Our Games
Videos
Blog
Mobile Apps
Partnerships
Remove Ads and Go Orange
Feedback
Science
Computer
Plants
Astronomy
Chemistry
Elements
Math
Animal
Physics
Anatomy
Biology
Geology
General Science
Science
Computer
Plants
Astronomy
Chemistry
Elements
Math
Animal
Physics
Anatomy
Biology
Geology
General Science
Random Quiz
Search Sporcle
×
Quiz Lab
Quiz Lab
Science
Medical Terminology
Select answers by clicking on text or image buttons
Select answers by clicking on text or image buttons
Clickable
Best Score? Go Orange.
Hoekstra Medical Terminology Basics Stats
Can you match the following?
By
Nathan_Hoekstra
10m
36 Questions
63 Plays
63 Plays
63 Plays
Comments
Comments
Give Quiz Kudos
Give Quiz Kudos
-
- Ratings
hide this ad
Random Order
Randomize order of answers
Randomize order of answers
Replay
Link that replays current quiz
Next Quiz
Link to next quiz in quiz playlist
You Got
0%
They Got
Avg Score
48%
Avg Friend Score
Upgrade to see
Score Distribution
Jump to the score distribution portion of the page
Score
0/36
Timer
10:00
0
Plays Today
% Correct
End of a word
87.3%
Beginning of a word
87.3%
Prefix + word root
79.4%
Word root + combining vowel
74.6%
Basic word without combining vowel
73%
Word root + suffix
73%
Prefix meaning 'not/opposite of'
69.8%
Prefix meaning 'across/beyond/change'
68.3%
'Specialist' suffix
66.7%
Noun or Adjective: ilium
65.1%
Noun or Adjective: gastric
65.1%
Noun or Adjective: iliac
65.1%
Noun or Adjective: gastritis
63.5%
Prefix meaning 'out of/away from'
61.9%
Plural of '-sis'
60.3%
Prefix meaning 'into/on/near/towards'
58.7%
Prefix meaning 'instead of'
57.1%
Plural of '-ma'
55.6%
% Correct
Plural of '-a'
47.6%
Adjective form of -osis
42.9%
Plural of '-ex'
41.3%
Plural of '-ix'
41.3%
'One who does something' suffix
39.7%
Plural of '-nx'
34.9%
Plural of '-ax'
34.9%
'Condition' suffix
33.3%
'Quality' suffix
31.7%
Plural of '-is'
30.2%
'Condition or State of' suffix
28.6%
Plural of '-us'
25.4%
Plural of '-um'
25.4%
Adjective form of -us
23.8%
Adjective form of -ia
19%
Plural of '-on'
14.3%
Adjective form of -um
4.8%
Adjective form of -e
1.6%
Quiz Playlist
Details
Report
Send in Message
Add To Playlist
Clickable:
Select answers by clicking on text or image buttons
Random Order:
Randomize order of answers
Last Updated: Feb 16, 2017
Quiz Scoreboard
CHALLENGE
Sign Up to Join the Scoreboard
Show All
Scores
Hide
Comments
May contain spoilers
Recently Published
Image Sorting: Flags VI
by Barbecue
Geography
2m
Find the 'City' Movie
by crazypaving
Movies
60s
Colored Red Africa Blitz
by spor1
Geography
45s
More to Explore
Quiz From the Vault
Featured Blog Post
14 Easter Pick-up Lines to Find Eggs With
hide this ad
You Might Also Like...
Tags
Medical Terminology
Today's Top Quizzes in Science
Browse Science
hide this ad
Today's Top Quizzes in Medical Terminology
Browse Medical Terminology
Top Contributed Quizzes in Science
1
Windmill: Elements
2
200 Vogels in Nederland
3
Square Numbers Scrambled (1-50)
4
Count to 60
5
Elements In Images
6
Glycolysis
7
17 TIMES TABLE
8
4-letter Elementary Words III
9
perfect squares 1-25
10
Quick Pick: 'CI-CJ' Animals
Explore More
Trending Topics
Harry Potter
Crossword
Disney
NBA
Marvel
Kpop
Anime
The Office
Song
NFL
Soccer
Pokémon
Puzzle
WWE
Country
hide this ad
More By:
Nathan_Hoekstra
Quiz
Plays
Rating
Category
Featured
Created
Medical Terminology: Musculoskeletal
8,635
5.00
Science
May 8, 2015
Medical Terminology Digestive 1 2
129
Science
Mar 13, 2015
Medical Terminology Integument
95
1.00
Science
Apr 14, 2015
Hoekstra Medical Terminology Basics
63
Science
Mar 13, 2015
Fish, Sharks, Amphibians (Copy)
12
Science
Feb 3, 2016
Go to Creator's Profile
Score Distribution
Quiz Creator Spotlight
Nathan_Hoekstra
Follow
Send a Message
Quizzes Created
-
Created Quiz Play Count
-
More By This Creator
Popular Quizzes Today
1
Colored Red Africa Blitz
2
Find the US States - No Outlines Minefield
3
Find the 'City' Movie
4
5x2 Blitz: Bands
5
The Countries of the World
6
Find the US States
7
Find the Countries of Europe - No Outlines Minefield
8
US States
More Science Quizzes
What Did I Type? (Animals)
Published
Trending Quizzes
Colored Red Europe Blitz I
Colored Red Europe Blitz II
Colored Red Africa Blitz II
Colored Red Europe Blitz III
Colored Red Africa Blitz III
Recently Updated
How Do You Spell That?
pecheneg
Godzilla Movies
pecheneg
Grab Bag: 4-10 Letters
pecheneg
2024 March Madness Bracket
pecheneg
Famous TV Couples
Peacemaker
Champions League XIs: Real Madrid
pecheneg
Largest US Cities 1790-2010
pecheneg
Rides in Walt Disney World
pecheneg
Most Oscar Losses (Acting)
pecheneg
Beyoncé Albums
pecheneg
Trending Topics
Marvel
Harry Potter
Crossword
Anime
Disney
NBA
Kpop
WWE
Song
Country
Pokémon
Puzzle
NFL
Soccer
The Office
Your Account Isn't Verified!
In order to create a playlist on Sporcle, you need to verify the email address you used during registration. Go to your
Sporcle Settings
to finish the process.
Report this User
Report this user for behavior that violates our
Community Guidelines
.
Details:
Send Report
Go to the Sporcle.com Mobile Site →
Comments